Jedna z foriem spolupráce slovenských a poľských štatistikov a ekonometrov

Salvato in:
Dettagli Bibliografici
Autore principale: Sodomová, Eva
Natura: Capitolo di libro
Lingua:slovacco
Soggetti:
Tags: Aggiungi Tag
Nessun Tag, puoi essere il primo ad aggiungerne!!

MARC

LEADER 00000naa$a2200000$$$4500
001 0164190
005 20240502072848.7
041 0 |a slo 
044 |a SK 
245 1 0 |a Jedna z foriem spolupráce slovenských a poľských štatistikov a ekonometrov  |c Eva Sodomová 
500 |a Abstrakt 
610 2 0 |a konferencie 
610 2 0 |a sympóziá 
610 2 0 |a spolupráca vedecká medzinárodná 
610 2 0 |a integrácia vied 
610 2 0 |a ekonometria 
610 2 0 |a štatistika 
100 1 |a Sodomová, Eva